Lego Marvel Superheroes Characters - Statistics

General Stats
  • This quiz has been taken 47 times
  • The average score is 58 of 175
Answer Stats
Character % Correct
Spider-Man
98%
Hulk
85%
Captain America
80%
Tony Stark
78%
Wolverine
78%
Black Widow
73%
Human Torch
73%
Invisible Woman
73%
Thing
73%
Thor
73%
Magneto
70%
Sandman
70%
Venom
70%
Deadpool
68%
Doctor Octopus
68%
Hawkeye
68%
Storm
68%
Doctor Doom
65%
Green Goblin
65%
Loki
65%
Beast
63%
Professor X
63%
Cyclops
60%
Gamora
60%
Groot
60%
Ant-Man
58%
Iceman
58%
Mister Fantastic
58%
Nick Fury
58%
Rocket Raccoon
58%
Star-Lord
58%
Thanos
58%
Galactus
55%
Silver Surfer
55%
Abomination
53%
Drax
53%
Jean Grey
53%
Stan Lee
53%
Carnage
50%
Wasp
50%
Daredevil
48%
Lizard
48%
Red Hulk
48%
Aunt May
45%
Doctor Strange
45%
Juggernaut
45%
Kingpin
45%
Mystique
45%
Pepper Potts
45%
Black Panther
43%
Falcon
43%
Ghost Rider
43%
Phoenix
43%
War Machine
43%
Colossus
40%
Electro
40%
Elektra
40%
Mandarin
40%
Odin
40%
Rhino
40%
She-Hulk
40%
Winter Soldier
40%
Gambit
38%
Iron Fist
38%
Maria Hill
38%
M.O.D.O.K
38%
Mysterio
38%
Punisher
38%
Red Skull
38%
Blade
35%
Spider-Woman
35%
Vulture
35%
Aldrich Killian
33%
Black Bolt
33%
Bruce Banner
33%
Dormammu
33%
Heimdall
33%
Howard the Duck
33%
Iron Man Mark 1
33%
Iron Man Mark 42
33%
Iron Man Mark 6
33%
Malekith
33%
Bullseye
30%
Captain Britain
30%
Gwen Stacy
30%
Ms. Marvel
30%
Pyro
30%
Sabretooth
30%
Shocker
30%
Toad
30%
Whiplash
30%
A-Bomb
28%
Absorbing Man
28%
Agent Coulson
28%
Dark Phoenix
28%
Mary Jane Watson
28%
Moon Knight
28%
Power Man
28%
Psylocke
28%
Arnim Zola
25%
Iron Patriot
25%
Rescue
25%
Blob
23%
Captain America Classic
23%
Doombot
23%
Jane Foster
23%
Nova
23%
Polaris
23%
S.H.I.E.L.D. Agent
23%
Sif
23%
Spider-Man F.F.
23%
Super-Skrull
23%
Taskmaster
23%
A.I.M. Agent
20%
Destroyer
20%
Emma Frost
20%
Iron Man Heartbreaker
20%
Laufey
20%
Thor Classic
20%
Green Goblin Ultimate
18%
Havok
18%
Invisible Woman F.F.
18%
Iron Man Hulkbuster
18%
J. Jonah Jameson
18%
Leader
18%
Mister Fantastic F.F.
18%
Ronan The Accuser
18%
Silver Samurai
18%
Squirrel Girl
18%
Thing F.F.
18%
Union Jack
18%
Archangel
15%
Beta Ray Bill
15%
Doctor Octopus Ultimate
15%
Fandral
15%
Iron Man Mark 7
15%
Kingpin Henchman
15%
Kurse
15%
Mastermind
15%
Nightmare
15%
Tony Stark Underwear
15%
Volstagg
15%
Wizard
15%
Wolverine Cowl
15%
Beetle
13%
Black Cat
13%
Curt Connors
13%
Frost Giant
13%
H.E.R.B.I.E.
13%
Hogun
13%
Kraven the Hunter
13%
Superior Spider-Man
13%
Symbiote Scientist
13%
Damage Control
10%
Hydra Agent
10%
Iron Man Heroic Age
10%
Mini Sentinel
10%
Viper
10%
Cyclops Astonishing
8%
Doombot V-Series
8%
Electro Ultimate
8%
General Ross
8%
Hawkeye Classic
8%
Magneto Acolyte
8%
Mandarin Film
8%
Roxxon Guard
8%
Spider-Man Symbiote
8%
Liberty
5%
Sandman Goon
5%
Symbiote Scientist Hazmat
5%
Venom Big
5%
Excelsior Hulk
3%
Malekith Dark World
3%
Rick Jones
3%
Kurse Dark World
0%
No matching quizzes found
Score Distribution
Percent of People with Each Score
Percentile by Number Answered
Your Score History
You have not taken this quiz